[Event "URS-ch sf"]
[Site "Daugavpils"]
[Date "1978.??.??"]
[Round "?"]
[White "Kapengut, Albert Z"]
[Black "Kasparov, Gary"]
[Result "1/2-1/2"]
[WhiteElo "2465"]
[BlackElo "2200"]

1.e4 c6 2.d4 d5 3.Nd2 dxe4 4.Nxe4 Bf5 5.Ng3 Bg6 6.h4 h6 7.Nf3 Nd7 8.h5 Bh7
9.Bd3 Bxd3 10.Qxd3 Qc7 11.Qe2 Ngf6 12.Bd2 e6 13.c4 Bd6 14.Nf5 O-O 15.Nxd6 Qxd6
16.Bc3 b5 17.cxb5 cxb5 18.Qxb5 Nd5 19.Ne5 Nxe5 20.dxe5 Nxc3 21.bxc3 Qc7 22.Rh3 Rfd8
23.Qe2 Rd5 24.f4 Rad8 25.Re3 Qb6 26.Rc1 Rb5 27.Kf2 Rb2 28.Rc2 Rb1 29.Kg3 Rbd1
30.Rb2 Qc5 31.Qf3 a5 32.Qe4 Qa3 33.Rc2 Rh1 34.Kg4 Qc5 35.Rh3 Rhd1 36.a4 Rb8
37.Rf3 Rh1  1/2-1/2

[Event "URS-ch sf"]
[Site "Daugavpils"]
[Date "1978.??.??"]
[Round "?"]
[White "Alburt, Lev O"]
[Black "Kasparov, Gary"]
[Result "0-1"]
[WhiteElo "2510"]
[BlackElo "2200"]

1.c4 Nf6 2.Nc3 g6 3.d4 Bg7 4.e4 d6 5.Be2 O-O 6.Bg5 c5 7.d5 h6 8.Bf4 e6 9.dxe6 Bxe6
10.Bxd6 Re8 11.Nf3 Nc6 12.O-O Qa5 13.Nd2 Red8 14.Nb3 Qb6 15.Na4 Qb4 16.Nbxc5 Bxc4
17.Bxc4 Qxc4 18.Nxb7 Nxe4 19.Rc1 Qb5 20.Nxd8 Rxd8 21.Qc2 Nd4 22.Qxe4 Ne2+
23.Kh1 Nxc1 24.Rxc1 Rxd6 25.Qc2 Qg5 26.Rd1 Qf5 27.Qc1 Rxd1+ 28.Qxd1 Qxf2
29.Qg1 Qc2 30.b3 Qxa2 31.Nc5 Qd2 32.Qb1 Bd4 33.Nd3 Qe3 34.Nb4 h5 35.Qd1 h4
36.Nc2 Qxb3 37.Qxd4 Qb1+ 38.Qg1 Qxc2 39.Qxa7 Qd1+ 40.Qg1 Qxg1+ 41.Kxg1 Kg7
42.Kf2 Kf6 43.Ke3 Ke5 44.Kf3 f5 45.Ke3 g5 46.h3 Kd5 47.Kd3 Kc5 48.Kc3 g4
49.Kd3 gxh3 50.gxh3 Kd5 51.Ke3 Ke5 52.Kf3 f4 53.Kf2 Ke4 54.Ke2 f3+ 55.Kf1 Kf5
56.Kg1 Ke5  0-1

[Event "URS-ch sf"]
[Site "Daugavpils"]
[Date "1978.??.??"]
[Round "?"]
[White "Mikhalchishin, Adrian"]
[Black "Kasparov, Gary"]
[Result "1/2-1/2"]
[WhiteElo "2460"]
[BlackElo "2200"]

1.e4 c6 2.d4 d5 3.Nc3 dxe4 4.Nxe4 Bf5 5.Ng3 Bg6 6.h4 h6 7.Nf3 Nd7 8.h5 Bh7
9.Bd3 Bxd3 10.Qxd3 Qc7 11.Bd2 Ngf6 12.Qe2 e6 13.O-O-O c5 14.Rh4 Rc8 15.Nf5 cxd4
16.N3xd4 Qc4 17.Qxc4 Rxc4  1/2-1/2

[Event "URS-ch47"]
[Site "Minsk"]
[Date "1979.??.??"]
[Round "?"]
[White "Kasparov, Gary"]
[Black "Rashkovsky, Nukhim N"]
[Result "1/2-1/2"]
[WhiteElo "2545"]
[BlackElo "2500"]

1.e4 c5 2.Nf3 d6 3.d4 cxd4 4.Nxd4 Nf6 5.Nc3 a6 6.Bg5 e6 7.f4 Qb6 8.Qd2 Qxb2
9.Rb1 Qa3 10.f5 Nc6 11.fxe6 fxe6 12.Nxc6 bxc6 13.e5 dxe5 14.Bxf6 gxf6 15.Ne4 Be7
16.Be2 h5 17.Rb3 Qa4 18.Nxf6+ Bxf6 19.c4 Be7 20.O-O Ra7 21.Rb8 Rc7 22.Qd3 Bc5+
23.Kh1 Ke7 24.Qg6 Kd6 25.Rd1+ Bd4 26.Rxd4+ exd4 27.Qg3+ e5 28.c5+ Kd5 29.Bf3+ e4
30.Qg5+ Kc4 31.Qc1+ Kd5 32.Bd1 Qxa2 33.Qg5+ Kc4 34.Qc1+ Kd5  1/2-1/2

[Event "URS-ch47"]
[Site "Minsk"]
[Date "1979.??.??"]
[Round "?"]
[White "Kasparov, Gary"]
[Black "Anikaev, Yuri N"]
[Result "0-1"]
[WhiteElo "2545"]
[BlackElo "2455"]

1.e4 c5 2.Nf3 d6 3.d4 cxd4 4.Nxd4 Nf6 5.Nc3 Nc6 6.Bg5 a6 7.Qd2 Qb6 8.Nb3 e6
9.Be2 Qc7 10.a4 b6 11.Bxf6 gxf6 12.f4 Bh6 13.O-O Bb7 14.Rf3 Rd8 15.Rh3 Bg7
16.f5 O-O 17.Qf4 Ne5 18.Rd1 Qe7 19.Qh4 h6 20.Qf2 Qc7 21.Nd4 Bc8 22.Qf1 Qb7
23.Bc4 d5 24.exd5 exd5 25.Bb3 Rfe8 26.Rg3 Kh7 27.Qf2 Nc4 28.Nde2 b5 29.axb5 axb5
30.Nf4 Re5 31.Nh5 Bh8 32.Rf3 Nxb2 33.Rd4 Nc4 34.Bxc4 bxc4 35.g4 Qe7 36.Qd2 Bb7
37.Kf2 Re8 38.Nf4 Bg7 39.Rh3 Kg8 40.Nce2 Bf8 41.Nc3 Qc5 42.Nh5 Qb6 43.Rf3 Kh7
44.Kg3 Rd8 45.Kh4 Bb4 46.Qf4 Qd6 47.Rg3 Qe7 48.Kh3 Bc5 49.Qd2 Rd6 50.Nf4 Bxd4
51.Qxd4 Qd8 52.Nh5 Re8 53.g5 hxg5 54.Rxg5 Rg8 55.Rxg8 Kxg8 56.Nb5 Rc6 57.Qg4+ Kf8
58.Nd4 Ra6 59.Ne6+ Rxe6 60.fxe6 Ke7 61.Qg7 Kxe6 62.Nf4+ Ke5 63.Kg3 Qa5 64.Kf2 Qb6+
65.Kf3 d4+ 66.Kg3 d3 67.Qxf7 Qg1+ 68.Kh4 Qg5+  0-1

[Event "URS-ch47"]
[Site "Minsk"]
[Date "1979.??.??"]
[Round "?"]
[White "Geller, Efim P"]
[Black "Kasparov, Gary"]
[Result "1/2-1/2"]
[WhiteElo "2550"]
[BlackElo "2545"]

1.e4 d6 2.d4 Nf6 3.Nc3 g6 4.g3 Bg7 5.Bg2 O-O 6.Nge2 e5 7.h3 exd4 8.Nxd4 Re8
9.O-O Nbd7 10.a4 a5 11.Ndb5 Nc5 12.Bg5 Bd7 13.Qd2 h6 14.Bxf6 Bxf6 15.Nd5 Bxb5
16.axb5 Bxb2 17.Rxa5 Rxa5 18.Qxa5 c6 19.Qxd8 Rxd8 20.bxc6 bxc6 21.Ne7+ Kg7
22.Nxc6 Rc8 23.Na7 Re8 24.Nb5 Nxe4 25.Rb1 Bf6 26.Bxe4 Rxe4 27.Nxd6 Re6 28.Rd1 Be7
29.Nb5 Rc6 30.Rd7 Kf6 31.Rd2 Bb4 32.Re2 Rc5 33.Nd4 Rc4 34.Nf3 Bc3 35.Kg2 Kg7
36.h4 f5 37.Re7+ Kf8 38.Ra7 Bf6 39.Ne1 f4 40.Ra2 fxg3 41.fxg3 Be5 42.Nf3 Bd6
43.Ng1 h5 44.Ne2 Be7 45.Nf4 Bd6 46.Ne2 Be7 47.Kf3 g5 48.hxg5 Bxg5 49.Ra5 Bd2
50.Rxh5 Rxc2 51.g4 Kf7 52.Rd5 Bb4 53.Nf4 Rc3+ 54.Ke4 Rc4+ 55.Kf3 Rc3+ 56.Ke2 Rc2+
57.Ke3 Ba3 58.Nd3 Kg6 59.Kf4 Rc4+ 60.Ke3 Rc2 61.Kd4 Bb2+ 62.Ke4 Rc4+ 63.Kf3 Rc3  1/2-1/2

[Event "URS Spartakiad"]
[Site "URS"]
[Date "1979.??.??"]
[Round "?"]
[White "Kasparov, Gary"]
[Black "Gipslis, Aivars"]
[Result "1/2-1/2"]
[WhiteElo "2200"]
[BlackElo "2525"]

1.Nf3 Nf6 2.c4 c5 3.Nc3 e6 4.g3 b6 5.e4 Bb7 6.d3 d6 7.Bg2 Nbd7 8.O-O Be7
9.Re1 a6 10.b3 O-O 11.d4 cxd4 12.Nxd4 Qc7 13.Bb2 Rfe8 14.Qd2 Bf8 15.Rad1 Rad8
16.h3 Qb8 17.Ba1 Qa8 18.Kh2 Nc5 19.Qc2 Rc8 20.Qb1 Red8 21.Re3 g6 22.f4 Bg7
23.Nde2  1/2-1/2

[Event "URS Spartakiad"]
[Site "URS"]
[Date "1979.??.??"]
[Round "?"]
[White "Govbinder, Mikhail Y"]
[Black "Kasparov, Gary"]
[Result "1/2-1/2"]
[WhiteElo "2200"]
[BlackElo "2200"]

1.e4 c5 2.Nf3 d6 3.d4 cxd4 4.Nxd4 Nf6 5.Nc3 a6 6.Bc4 e6 7.Bb3 b5 8.O-O Be7
9.f3 O-O 10.Be3 Bd7 11.Qe1 Nc6 12.Nxc6 Bxc6 13.Ne2 Qb8 14.Nd4 Bd7 15.c3 a5
16.a3 e5 17.Nf5 Bxf5 18.exf5 Qc8 19.g4 Ne8 20.Bd5 Ra6 21.Qd2 Nc7 22.Rfd1 Nxd5
23.Qxd5 h5 24.h3 Kh7 25.a4 bxa4 26.Rxa4 g6 27.Rc4 Qe8 28.fxg6+ fxg6 29.Rd2 h4
30.g5 Kg7 31.Rxh4 Rf5 32.f4 Qc8 33.Rg4 exf4 34.Bd4+ Kf8 35.Qf3 d5 36.Rxf4 Bxg5
37.Rxf5+ Qxf5 38.Qxf5+ gxf5 39.Rf2 f4 40.Be5 Ke7 41.Bxf4 Bxf4 42.Rxf4 a4  1/2-1/2

[Event "URS Spartakiad"]
[Site "URS"]
[Date "1979.??.??"]
[Round "?"]
[White "Averkin, Orest N"]
[Black "Kasparov, Gary"]
[Result "1/2-1/2"]
[WhiteElo "2455"]
[BlackElo "2200"]

1.d4 Nf6 2.c4 g6 3.Nc3 Bg7 4.e4 d6 5.Nf3 O-O 6.Be2 e5 7.O-O Nc6 8.d5 Ne7
9.Ne1 Nd7 10.Nd3 f5 11.Bd2 Nf6 12.f3 f4 13.c5 g5 14.Rc1 Ng6 15.cxd6 cxd6
16.Nb5 Rf7 17.Qc2 Ne8 18.a4 h5 19.Nf2 Bf8 20.h3 Rg7 21.Nxa7 Rc7 22.Ba5 Rxc2
23.Bxd8 Rxe2 24.Nxc8 Rxa4 25.Nd3 g4 26.Rf2 Re3 27.Ne1 g3 28.Rfc2 Rb3 29.Kf1 Ra2
30.Rb1 Kf7 31.Ke2 Ra8 32.Nd3 Be7 33.Bxe7 Nxe7 34.Nxe7 Kxe7 35.Rbc1 Kd7 36.Rc4 Rb6
37.Kd2 Rba6 38.Rb4 R8a7 39.Ne1 Nc7 40.Nc2 Ra4 41.Rxa4 Rxa4 42.Ra1 Rxa1 43.Nxa1 Na6
44.Nc2  1/2-1/2

[Event "Baku"]
[Site "Baku"]
[Date "1980.??.??"]
[Round "4"]
[White "Gufeld, Eduard"]
[Black "Kasparov, Gary"]
[Result "1/2-1/2"]
[WhiteElo "2510"]
[BlackElo "2595"]

1.e4 c5 2.Nf3 e6 3.d4 cxd4 4.Nxd4 Nc6 5.Nb5 d6 6.c4 Nf6 7.N1c3 a6 8.Na3 Be7
9.Be2 O-O 10.O-O b6 11.Be3 Ne5 12.Qb3 Ned7 13.Rfd1 Qc7 14.f3 Bb7 15.Kh1 Rac8
16.Rd2 Nc5 17.Qd1 Rfd8 18.Rc1 Qb8 19.Qg1 d5 20.exd5 exd5 21.Rcd1 dxc4 22.Rxd8+ Rxd8
23.Rxd8+ Qxd8 24.Nxc4 Qc7 25.a4 Nd5 26.Nxd5 Bxd5 27.Qd1 Be6 28.Qd4 Bf6 29.Qd6 Qxd6
30.Nxd6 Nxa4 31.Bxa6 Be7 32.Ne4 f5 33.Nc3  1/2-1/2

[Event "Baku"]
[Site "Baku"]
[Date "1980.??.??"]
[Round "6"]
[White "Magerramov, Elmar"]
[Black "Kasparov, Gary"]
[Result "1/2-1/2"]
[WhiteElo "2435"]
[BlackElo "2595"]

1.Nf3 Nf6 2.c4 e6 3.d4 b6 4.g3 Bb7 5.Bg2 Be7 6.O-O O-O 7.Nc3 Ne4 8.Nxe4 Bxe4
9.Ne1 Bxg2 10.Nxg2 d5 11.Qa4 dxc4 12.Qxc4 c5 13.dxc5 Bxc5 14.Be3 Nd7 15.Rfd1 Qe7
16.Bxc5 Nxc5 17.Rac1 Rfd8 18.Ne3  1/2-1/2

[Event "Baku"]
[Site "Baku"]
[Date "1980.??.??"]
[Round "8"]
[White "Mikhalchishin, Adrian"]
[Black "Kasparov, Gary"]
[Result "1/2-1/2"]
[WhiteElo "2490"]
[BlackElo "2595"]

1.d4 Nf6 2.c4 c5 3.Nf3 cxd4 4.Nxd4 Nc6 5.g3 e6 6.Bg2 Bc5 7.Nb3 Be7 8.O-O d6
9.Nc3 O-O 10.Bf4 Nh5 11.Be3 Ne5 12.c5 d5 13.Bd4 Nc6 14.e4 Nxd4 15.Qxd4 dxe4
16.Qxe4 Nf6 17.Qf4 Nd5 18.Nxd5 exd5 19.Rad1 Be6 20.Rd3 Rc8 21.Bxd5 Bxd5 22.Rfd1 Bxc5
23.Rxd5 Qb6 24.Rd7 Rc6 25.Nxc5 Rxc5 26.b4 Rc2 27.a4 Rb2 28.b5 a6 29.Qd4 Qxd4
30.R1xd4 axb5 31.Rxb7 b4 32.Rdxb4 Ra2 33.h4 h5 34.g4 Ra8 35.Rb8+ Rxb8 36.Rxb8+ Kh7
37.Rb4 hxg4 38.Rxg4 f5 39.Rb4 Kh6 40.Kg2 g5 41.hxg5+ Kxg5 42.Kg3  1/2-1/2

[Event "Baku"]
[Site "Baku"]
[Date "1980.??.??"]
[Round "9"]
[White "Kasparov, Gary"]
[Black "Lechtynsky, Jiri"]
[Result "1/2-1/2"]
[WhiteElo "2595"]
[BlackElo "2450"]

1.d4 Nf6 2.c4 e6 3.Nc3 Bb4 4.e3 O-O 5.Ne2 d5 6.a3 Be7 7.cxd5 exd5 8.g3 c6
9.Bg2 Bd6 10.O-O Re8 11.Qc2 Nbd7 12.b4 Nf8 13.f3 a5 14.Rb1 axb4 15.axb4 Ne6
16.e4 Qb6 17.Na4 Rxa4 18.Qxa4 dxe4 19.Kh1 exf3 20.Bxf3 Nxd4 21.Nxd4 Qxd4
22.Bb2 Qc4 23.Bxf6 gxf6 24.Bg2 Kg7 25.Qd1 Be5 26.b5 Bg4 27.Qd2 cxb5 28.Rb4 Qe2
29.Rf2  1/2-1/2

[Event "Baku"]
[Site "Baku"]
[Date "1980.??.??"]
[Round "14"]
[White "Padevsky, Nikola"]
[Black "Kasparov, Gary"]
[Result "1/2-1/2"]
[WhiteElo "2415"]
[BlackElo "2595"]

1.Nf3 Nf6 2.g3 g6 3.Bg2 Bg7 4.O-O O-O 5.d4 d6 6.c4 Nbd7 7.Nc3 e5 8.e4 c6
9.Re1 exd4 10.Nxd4 Re8 11.h3 a5 12.Be3 Nc5 13.Qc2 a4 14.Rab1 Qe7 15.Rbd1 Nfd7
16.b4 axb3 17.axb3 Na6 18.Na2 Ndc5 19.b4 Nxe4 20.Bxe4 Qxe4 21.Bd2 Qxe1+ 22.Bxe1 Bxd4
23.Rxd4 Rxe1+ 24.Kh2 Bf5 25.Qd2 Rae8 26.Nc3 Nxb4 27.Rxd6 h5 28.Rd8 Kh7 29.Rxe8 Rxe8
30.Qb2 c5 31.Nd5 Nxd5 32.cxd5 c4 33.Qxb7 Kg8 34.d6 c3 35.d7 Rd8 36.Qc7 Rxd7
37.Qxc3 Be6 38.f3 Rd5 39.g4 hxg4 40.fxg4 Rb5 41.Qd4 Rd5  1/2-1/2

[Event "Wch U20"]
[Site "Dortmund"]
[Date "1980.??.??"]
[Round "8"]
[White "Kasparov, Gary"]
[Black "Toro Sanchez, Bernardo"]
[Result "1/2-1/2"]
[WhiteElo "2595"]
[BlackElo "2265"]

1.c4 e6 2.g3 d5 3.Bg2 Nf6 4.Nf3 Be7 5.O-O O-O 6.b3 c5 7.Bb2 Nc6 8.e3 d4 9.exd4 cxd4
10.Re1 Re8 11.a3 a5 12.d3 Bc5 13.Ne5 Nxe5 14.Rxe5 Qc7 15.Re1 e5 16.Nd2 Bg4
17.Qc2 Rab8 18.Ne4 Nxe4 19.Bxe4 Bd7 20.Bc1 Bc6 21.f4 exf4 22.Bxf4  1/2-1/2

[Event "Wch U20"]
[Site "Dortmund"]
[Date "1980.??.??"]
[Round "9"]
[White "Short, Nigel D"]
[Black "Kasparov, Gary"]
[Result "1/2-1/2"]
[WhiteElo "2360"]
[BlackElo "2595"]

1.e4 c5 2.Nf3 e6 3.c3 d5 4.exd5 exd5 5.d4 Bd6 6.Be3 c4 7.b3 cxb3 8.axb3 Ne7
9.c4 Nbc6 10.c5 Bc7 11.Nc3 O-O 12.Bd3 Bf5 13.O-O Qd7 14.Ra4 a5 15.Ne1 b6
16.Nb5 Nb4 17.Nxc7 Qxc7 18.Bxf5 Nxf5 19.Nd3 b5 20.Ra1 Nc6 21.Qg4 Qd7 22.Rfe1 f6
23.Nf4 Rf7 24.Qe2 b4 25.Qd3 Re8 26.Ne2 Rfe7 27.Bd2 h5 28.f3 h4 29.Kf2 g5
30.Rad1 Kg7 31.Bc1 Nh6 32.Ng1 Qf5 33.Rxe7+ Rxe7 34.Qxf5 Nxf5 35.Ne2 a4 36.bxa4 Ra7
37.g4 hxg3+ 38.hxg3 Rxa4 39.g4 Nh4 40.f4 Ra2 41.fxg5  1/2-1/2

[Event "Malta ol (Men)"]
[Site "La Valetta"]
[Date "1980.??.??"]
[Round "?"]
[White "Csom, Istvan"]
[Black "Kasparov, Gary"]
[Result "1/2-1/2"]
[WhiteElo "2510"]
[BlackElo "2595"]

1.Nf3 Nf6 2.c4 g6 3.g3 Bg7 4.Bg2 O-O 5.O-O d6 6.Nc3 e5 7.d4 Nbd7 8.h3 c6
9.e4 Qb6 10.dxe5 Nxe5 11.Nxe5 dxe5 12.Qc2 Nh5 13.Be3 Qc7 14.Qe2 Be6 15.Rfd1 Rfd8
16.Na4 Rxd1+ 17.Rxd1 Rd8 18.b3 Rxd1+ 19.Qxd1 Bf8 20.Qd2 Nf6 21.Nc5 Bc8 22.Qc3 Nd7
23.Nd3  1/2-1/2

[Event "Malta ol (Men)"]
[Site "La Valetta"]
[Date "1980.??.??"]
[Round "?"]
[White "Kasparov, Gary"]
[Black "Ghitescu, Theodor"]
[Result "1/2-1/2"]
[WhiteElo "2595"]
[BlackElo "2460"]

1.d4 Nf6 2.c4 c5 3.d5 d6 4.Nc3 g6 5.e4 Bg7 6.Bd3 O-O 7.Nge2 e6 8.O-O exd5
9.cxd5 b6 10.Bg5 h6 11.Bf4 Ba6 12.Ng3 Bxd3 13.Qxd3 a6 14.Rae1 Ng4 15.h3 Ne5
16.Bxe5 dxe5 17.a4 Nc6 18.Rb1 Qd6  1/2-1/2

[Event "URS-ch49"]
[Site "Frunze"]
[Date "1981.??.??"]
[Round "?"]
[White "Romanishin, Oleg M"]
[Black "Kasparov, Gary"]
[Result "1/2-1/2"]
[WhiteElo "2590"]
[BlackElo "2630"]

1.Nf3 d5 2.d4 Nf6 3.c4 c6 4.Qc2 g6 5.Bf4 Bg7 6.e3 O-O 7.Nc3 Na6 8.Be2 c5
9.O-O cxd4 10.exd4 dxc4 11.Bxc4 Bg4 12.Rad1 Nh5 13.Bg5 Bxf3 14.gxf3 Rc8 15.Bb3 Bf6
16.Be3 Nb4 17.Qe4 Nc6 18.Rfe1 Na5 19.Bh6 Ng7 20.Bc2 a6 21.Bb1 Re8 22.Nd5 Nc6
23.a3 Nh5 24.Ba2 e6 25.Nxf6+ Nxf6 26.Qf4 Nh5 27.Qg4 Nf6 28.Qf4 Nh5 29.Qd2 Ne7
30.d5 Nxd5 31.Bxd5 Qxd5 32.Qxd5 exd5 33.Rxe8+ Rxe8 34.Rxd5 Ng7 35.Rd7 Nf5
36.Bg5 h6 37.Bf6 g5 38.Bc3 b5 39.Kf1 Re6 40.Rd8+ Kh7 41.Rh8+ Kg6 42.Rg8+ Kh5
43.Rf8 Nd6 44.Bb4 Kg6 45.Bxd6 Rxd6 46.Rb8 Kf5 47.a4 bxa4 48.Rb4 Rd1+ 49.Kg2 Ra1
50.Rb6 a3 51.bxa3 Rxa3 52.Rxh6 Ra4 53.Rc6 a5 54.Kg3 f6 55.Rc5+ Kg6 56.f4 gxf4+
57.Kf3 Ra2 58.h4 a4 59.Ra5 a3 60.Ra8  1/2-1/2

[Event "URS-ch49"]
[Site "Frunze"]
[Date "1981.??.??"]
[Round "?"]
[White "Mikhalchishin, Adrian"]
[Black "Kasparov, Gary"]
[Result "0-1"]
[WhiteElo "2545"]
[BlackElo "2630"]

1.d4 Nf6 2.c4 c5 3.Nf3 cxd4 4.Nxd4 e5 5.Nb5 d5 6.cxd5 Bc5 7.N5c3 O-O 8.e3 e4
9.Be2 Qe7 10.Nd2 Rd8 11.a3 Nxd5 12.Nxd5 Rxd5 13.Qc2 Bf5 14.b4 Bb6 15.Bb2 Nc6
16.O-O Qg5 17.Kh1 Rd6 18.Nxe4 Bxe4 19.Qxe4 Rd2 20.b5 Rxe2 21.bxc6 Rxb2 22.cxb7 Rf8
23.Rac1 Ba5 24.Rc8 Qb5 25.Rfc1 Qxb7 26.Qe8 Qxc8 27.Qxc8 Bd2 28.h3 h6 29.Qc4 Bxc1
30.Qxc1 Rxf2 31.Qc7 a6 32.Qa7 Rf6 33.a4 Rd8 34.a5 Rd1+ 35.Kh2 Rd2 36.Qb8+ Kh7
37.Qb4 Rff2  0-1

[Event "Moscow-4teams"]
[Site "Moscow"]
[Date "1981.??.??"]
[Round "?"]
[White "Romanishin, Oleg M"]
[Black "Kasparov, Gary"]
[Result "1-0"]
[WhiteElo "2595"]
[BlackElo "2625"]

1.Nf3 g6 2.d4 Bg7 3.g3 Nf6 4.Bg2 O-O 5.c4 c5 6.O-O cxd4 7.Nxd4 Nc6 8.Nc3 Nxd4
9.Qxd4 d6 10.Qd3 a6 11.Be3 Bd7 12.Bd4 Bc6 13.e4 Re8 14.Rfe1 Rc8 15.Rad1 Qa5
16.a3 b5 17.cxb5 axb5 18.e5 dxe5 19.Bxc6 exd4 20.Bxe8 dxc3 21.Bd7 Rd8 22.Qxb5 Qc7
23.bxc3 Rxd7 24.Rxd7 Qxd7 25.Qxd7 Nxd7 26.Rxe7 Nb6 27.Rb7 Na4 28.Rb8+ Bf8
29.c4 Kg7 30.Kg2 Bd6 31.Ra8 Nb2 32.a4 Nxc4 33.a5 Ne5 34.Rc8  1-0

[Event "Moscow-4teams"]
[Site "Moscow"]
[Date "1981.??.??"]
[Round "?"]
[White "Karpov, Anatoly"]
[Black "Kasparov, Gary"]
[Result "1/2-1/2"]
[WhiteElo "2690"]
[BlackElo "2625"]

1.c4 Nf6 2.Nc3 c5 3.Nf3 e6 4.g3 b6 5.Bg2 Bb7 6.O-O Be7 7.d4 cxd4 8.Qxd4 d6
9.Bg5 a6 10.Bxf6 Bxf6 11.Qf4 O-O 12.Rfd1 Be7 13.Ne4 Bxe4 14.Qxe4 Ra7 15.Nd4 Qc8
16.b3 Re8 17.a4 Qc5 18.Ra2 Bf6 19.Rad2 Rc7 20.Qb1 Be7 21.b4 Qh5 22.Rc2 Rec8
23.b5 axb5 24.axb5 Rxc4 25.Rxc4 Rxc4 26.Qa2 Qc5 27.Qa8 Rxd4 28.Qxb8+ Bf8
29.Ra1 d5 30.Bf1 Rc4 31.Ra8 Rc1 32.Qe8 d4 33.Ra7 Qf5 34.Ra8 Qc5 35.g4 Qd6
36.Rd8 Qb4 37.Rd7 h6 38.Qxf7+ Kh7 39.g5 Qb1 40.g6+ Qxg6+ 41.Qxg6+ Kxg6  1/2-1/2

[Event "Moscow-4teams"]
[Site "Moscow"]
[Date "1981.??.??"]
[Round "?"]
[White "Kasparov, Gary"]
[Black "Karpov, Anatoly"]
[Result "1/2-1/2"]
[WhiteElo "2625"]
[BlackElo "2690"]

1.e4 e5 2.Nf3 Nf6 3.Nxe5 d6 4.Nf3 Nxe4 5.d4 Be7 6.Bd3 d5 7.O-O Nc6 8.Re1 Bf5
9.Nbd2 Nxd2 10.Qxd2 Bxd3 11.Qxd3 O-O 12.c3 Qd7 13.Bf4 a6 14.Re3 Rae8 15.Rae1 Bd8
16.h3 Rxe3 17.Rxe3 f6 18.Re2 Rf7 19.Nd2 Be7 20.Nf1 Bf8 21.Qf3 Re7 22.Ne3 Nd8
23.Bxc7 Qxc7 24.Nxd5 Qd6 25.Nxe7+ Bxe7 26.Qe4 Bf8 27.Qe8 g6 28.a4 Kg7 29.b4 Qc7
30.Re3 Nf7 31.Qe6 Qd8 32.a5 h5 33.Qe4 Qd7 34.Qe6 Qd8 35.Kf1 Nh6 36.g4 hxg4
37.hxg4 Nf7 38.Ke2 Ng5 39.Qb6 Qd7 40.Kd3 Bd6 41.Kc2  1/2-1/2

[Event "Tilburg"]
[Site "Tilburg"]
[Date "1981.??.??"]
[Round "?"]
[White "Ljubojevic, Ljubomir"]
[Black "Kasparov, Gary"]
[Result "1/2-1/2"]
[WhiteElo "2590"]
[BlackElo "2630"]

1.e4 c5 2.Nf3 e6 3.d4 cxd4 4.Nxd4 Nc6 5.Nb5 d6 6.c4 Nf6 7.N5c3 Be7 8.Be2 O-O
9.O-O b6 10.Bf4 Bb7 11.Re1 Ne5 12.Nd2 Nfd7 13.Bf1 Bg5 14.Bxg5 Qxg5 15.Nf3 Qf6
16.Nxe5 Nxe5 17.Qd2 g5 18.Rad1 Rfd8 19.Qe3 Rd7 20.Rd2 Bc6 21.Red1 Rad8 22.f3 h5
23.Be2 h4 24.Rf1 Ng6 25.g3 hxg3 26.hxg3 Qe5 27.Kf2 Re8 28.Qd4  1/2-1/2

[Event "Tilburg"]
[Site "Tilburg"]
[Date "1981.??.??"]
[Round "?"]
[White "Kasparov, Gary"]
[Black "Larsen, Bent"]
[Result "1/2-1/2"]
[WhiteElo "2630"]
[BlackElo "2610"]

1.d4 Nf6 2.c4 d6 3.Nc3 e5 4.Nf3 Nbd7 5.Bg5 Be7 6.e3 O-O 7.Qc2 c6 8.Bd3 h6
9.h4 b5 10.dxe5 Nxe5 11.Nxe5 dxe5 12.O-O-O Qa5 13.Kb1 Be6 14.Bxf6 Bxf6 15.Ne4 Be7
16.Ng5 bxc4 17.Bh7+ Kh8 18.Bf5 Bxf5 19.Qxf5 Bxg5 20.hxg5 Rab8 21.Rc1 Qd2
22.Rc2 Qd3 23.g4 Qxf5 24.gxf5 Rb4 25.Rh4 Rd8 26.a3 Ra4 27.gxh6 g6 28.fxg6 fxg6
29.Rhxc4 Rxc4 30.Rxc4 Rd6 31.Rc5 Re6 32.Ra5 Re7 33.Ra6 Rc7 34.Kc2 Kh7 35.Kd3 Rf7
36.Ke4 Rxf2 37.Rxa7+ Kxh6 38.b4 g5 39.Ra6 Kh5 40.Rxc6 Ra2 41.Rc1 g4 42.Kxe5 Rxa3
43.Kf4 Rb3 44.Rc5+ Kh4 45.Rc8 Rxb4+ 46.e4 Kh3 47.Rh8+ Kg2 48.Rg8 Kh3  1/2-1/2

[Event "Tilburg"]
[Site "Tilburg"]
[Date "1981.??.??"]
[Round "?"]
[White "Portisch, Lajos"]
[Black "Kasparov, Gary"]
[Result "1/2-1/2"]
[WhiteElo "2620"]
[BlackElo "2630"]

1.d4 Nf6 2.c4 e6 3.Nf3 c5 4.d5 exd5 5.cxd5 d6 6.Nc3 g6 7.e4 Bg7 8.Be2 O-O
9.O-O a6 10.a4 Bg4 11.h3 Bxf3 12.Bxf3 Nbd7 13.Bf4 Qc7 14.a5 Rfe8 15.Qc2 c4
16.Ra4 Ne5 17.Bxe5 Rxe5 18.Nb1 Rae8 19.Na3 Nxe4 20.Rxc4 Qe7 21.Rc7 Qd8 22.Rxb7 Ng5
23.Bg4 h5 24.Bd7 Nf3+ 25.gxf3 Qg5+ 26.Bg4 hxg4 27.fxg4 Re1 28.Qc4 Qd2 29.Nc2 R1e4
30.Qb3 Be5 31.Kg2 Re2 32.Ne3 Bd4 33.Nd1 R2e4 34.Rb8 Rxb8 35.Qxb8+ Kg7 36.Qxd6 Be5
37.Qa3 Rf4 38.Qe3 Qxd5+ 39.f3 Rb4 40.Rf2 Qxa5 41.Re2  1/2-1/2

[Event "Luzern ol (Men)"]
[Site "Luzern"]
[Date "1982.??.??"]
[Round "7"]
[White "Huebner, Robert"]
[Black "Kasparov, Gary"]
[Result "1/2-1/2"]
[WhiteElo "2630"]
[BlackElo "2675"]

1.d4 Nf6 2.c4 g6 3.Nc3 Bg7 4.e4 d6 5.Be2 O-O 6.Nf3 e5 7.dxe5 dxe5 8.Qxd8 Rxd8
9.Bg5 Re8 10.Nd5 Nxd5 11.cxd5 c6 12.Bc4 cxd5 13.Bxd5 Nc6  1/2-1/2

[Event "Candidats qf2"]
[Site "Moscow"]
[Date "1983.??.??"]
[Round "6"]
[White "Beliavsky, Alexander G"]
[Black "Kasparov, Gary"]
[Result "1/2-1/2"]
[WhiteElo "2570"]
[BlackElo "2690"]

1.d4 d5 2.c4 e6 3.Nc3 c5 4.cxd5 exd5 5.Nf3 Nc6 6.g3 Nf6 7.Bg2 Be7 8.O-O O-O
9.Bg5 cxd4 10.Nxd4 h6 11.Be3 Re8 12.Qc2 Bg4 13.Rfd1 Bf8 14.Rac1 Rc8 15.Nxc6 bxc6
16.Bd4 Bb4 17.Rd2 Qe7 18.a3 Ba5 19.b4 Bb6 20.e3 Qe6 21.Qb2 Bxd4 22.Rxd4 c5
23.bxc5 Rxc5 24.Ne2 Rec8 25.Rxc5 Rxc5 26.Nf4 Qc8 27.h3 Rc1+ 28.Kh2 Rc2 29.Qb3 Bf5
30.Kg1 Rc1+ 31.Kh2  1/2-1/2

[Event "Niksic"]
[Site "Niksic"]
[Date "1983.??.??"]
[Round "11"]
[White "Miles, Anthony J"]
[Black "Kasparov, Gary"]
[Result "1/2-1/2"]
[WhiteElo "2585"]
[BlackElo "2690"]

1.d4 d5 2.c4 e6 3.Nf3 c5 4.cxd5 exd5 5.g3 Nc6 6.Bg2 Nf6 7.O-O Be7 8.Nc3 O-O
9.dxc5 Bxc5 10.Bg5 d4 11.Bxf6 Qxf6 12.Nd5 Qd8 13.Nd2 Re8 14.Rc1 Bb6 15.Re1 Be6
16.Nf4 Qd7 17.Qa4 Rac8 18.Nc4 Bd8 19.Nxe6 Qxe6 20.Qb5 Rc7 21.Qd5 Qf6 22.Qf3 Qe6
23.Qd5 Qf6 24.Qd6 Re6 25.Qa3 Rce7 26.Qd3 Re8 27.a3 h5 28.Bd5 R6e7 29.h4 Rd7
30.Bf3 g5 31.hxg5 Qxg5 32.Kg2 Ne7 33.Qd2 Ng6 34.Qxg5 Bxg5 35.Rcd1 h4 36.Bg4 Rdd8
37.f4 b5 38.Na5 Re3 39.Bf3 Bf6 40.Nc6 Rde8  1/2-1/2

[Event "World Championship 31th-KK1"]
[Site "Moscow"]
[Date "1984.??.??"]
[Round "12"]
[White "Kasparov, Gary"]
[Black "Karpov, Anatoly"]
[Result "1/2-1/2"]
[WhiteElo "2715"]
[BlackElo "2705"]

1.d4 Nf6 2.c4 e6 3.Nf3 d5 4.Nc3 Be7 5.Bg5 h6 6.Bh4 O-O 7.e3 b6 8.Be2 Bb7
9.Bxf6 Bxf6 10.cxd5 exd5 11.b4 c5 12.bxc5 bxc5 13.Rb1 Bc6 14.O-O Nd7 15.Bb5 Qc7
16.Qd2 Rfd8 17.Rfc1 Rab8 18.Bxc6 Rxb1 19.Nxb1 Qxc6 20.dxc5 Nxc5 21.Qc2  1/2-1/2

[Event "World Championship 31th-KK1"]
[Site "Moscow"]
[Date "1984.??.??"]
[Round "25"]
[White "Karpov, Anatoly"]
[Black "Kasparov, Gary"]
[Result "1/2-1/2"]
[WhiteElo "2705"]
[BlackElo "2715"]

1.Nf3 d5 2.d4 Nf6 3.c4 e6 4.Nc3 Be7 5.Bg5 h6 6.Bh4 O-O 7.e3 b6 8.Rc1 Bb7
9.Be2 Nbd7 10.cxd5 exd5 11.O-O c5 12.dxc5 bxc5 13.Rc2 Rc8 14.Rd2 Qb6 15.Qb3 Rfd8
16.Rfd1 Qxb3 17.axb3 Nb6 18.Ne5 Kf8 19.h3 a6 20.Bf3 Na8 21.Ng4 Ng8  1/2-1/2

[Event "HSK-Kasparov simul"]
[Site "Hamburg"]
[Date "1985.??.??"]
[Round "?"]
[White "Chandler, Murray G"]
[Black "Kasparov, Gary"]
[Result "1-0"]
[WhiteElo "2525"]
[BlackElo "2700"]

1.e4 c5 2.Nf3 e6 3.d4 cxd4 4.Nxd4 Nf6 5.Nc3 Nc6 6.Nxc6 bxc6 7.e5 Nd5 8.Ne4 Qc7
9.f4 Qb6 10.c4 Bb4+ 11.Ke2 f5 12.Nf2 Ba6 13.Kf3 Ne7 14.Be3 Bc5 15.Bxc5 Qxc5
16.Qd6 Qb6 17.b3 c5 18.Rd1 Bb7+ 19.Ke3 Kf7 20.Qxb6 axb6 21.Rxd7 Bc6 22.Rd2 g5
23.Nh3 h6 24.fxg5 Ng6 25.gxh6 Nxe5 26.Be2 Rxh6 27.Nf4 Rg8 28.h3 Ke7 29.Rhd1 Ng6
30.Bf3 Bxf3 31.Kxf3 Nxf4 32.Kxf4 Rhg6 33.Ke5  1-0

[Event "HSK-Kasparov simul"]
[Site "Hamburg"]
[Date "1985.??.??"]
[Round "?"]
[White "Cordes, Hans Joerg"]
[Black "Kasparov, Gary"]
[Result "1-0"]
[WhiteElo "2310"]
[BlackElo "2700"]

1.d4 d5 2.c4 e6 3.Nf3 Nf6 4.Nc3 c6 5.Bg5 dxc4 6.e4 b5 7.e5 h6 8.Bh4 g5 9.Nxg5 hxg5
10.Bxg5 Nbd7 11.g3 Bb7 12.Bg2 Qb6 13.exf6 c5 14.d5 O-O-O 15.O-O b4 16.Na4 Qb5
17.a3 Nb8 18.Qg4 Bxd5 19.Bxd5 Rxd5 20.axb4 cxb4 21.Be3 Nc6 22.Rfc1 Ne5 23.Qe4 Qc6
24.Kg2 Bd6 25.Bxa7 Kb7 26.Nb6 Rc5 27.Qxc6+ Rxc6 28.f4 c3 29.bxc3 Nd3 30.Rd1 Nb2
31.Rdb1 Nd3 32.Na4 e5 33.fxe5 Bxe5 34.Rd1 bxc3 35.Rxd3 c2 36.Rb3+ Kxa7 37.Nc3+ Ra6
38.Rc1 Rc8 39.Rxc2 Ka8 40.h4 Bxf6 41.Kh3 Bg7 42.Ra2 Rxa2 43.Nxa2 Be5 44.h5 Rh8
45.Rb5 f6 46.Kh4 Rd8 47.h6 Rg8 48.g4 Rh8 49.Rxe5 fxe5 50.g5 e4 51.Kg4 e3
52.Nc3 Kb7 53.Kh5  1-0

[Event "OHRA-A"]
[Site "Brussels"]
[Date "1986.??.??"]
[Round "?"]
[White "Portisch, Lajos"]
[Black "Kasparov, Gary"]
[Result "1/2-1/2"]
[WhiteElo "2605"]
[BlackElo "2740"]

1.c4 e6 2.Nc3 d5 3.d4 Be7 4.Nf3 Nf6 5.Bg5 h6 6.Bh4 O-O 7.e3 b6 8.Rc1 Bb7
9.Bd3 dxc4 10.Bxc4 Nbd7 11.O-O c5 12.Qe2 a6 13.a4 cxd4 14.exd4 Nh5 15.Bxe7 Qxe7
16.d5 Nf4 17.Qe3 Qf6 18.Ne4 Qf5 19.Ng3 Qf6 20.Ne4 Qf5 21.Ng3 Qf6  1/2-1/2